Labor-management relations in a changing environment / (Record no. 2619)
[ view plain ]
| 000 -LEADER | |
|---|---|
| fixed length control field | 00837pam a2200193 a 4500 |
| 020 ## - INTERNATIONAL STANDARD BOOK NUMBER | |
| ISBN | 0471111856 (alk. paper) |
| 050 00 - CALL NUMBER | |
| Classification number | HD8072.5 |
| Item number | .B35 1996 |
| 100 1# - AUTHOR | |
| Personal name | Ballot, Michael. |
| 245 10 - TITLE | |
| Title | Labor-management relations in a changing environment / |
| Statement of responsibility, etc | Michael Ballot ; with contributions from Laurie Lichter-Heath, Thomas Kail, Ruth Wang. |
| 250 ## - EDITION | |
| Edition statement | 2nd ed. |
| 260 ## - PUBLICATION INFORMATION | |
| Place of publication | New York : |
| Name of publisher | Wiley, |
| Year of publication | c1996. |
| 300 ## - DESCRIPTION | |
| Number of Pages | xxvi, 618 p. : |
| Other physical details | ill. ; |
| Dimensions | 25 cm. |
| 440 #0 - SERIES | |
| SERIES | Wiley series in management |
| 505 ## - FORMATTED CONTENTS NOTE | |
| Table of Content | PART<br/>1. The context of American labor relations<br/>2. Unions and collective bargaining<br/>3. Labor disputes and their resolutions<br/>4. Unionization in the public sector<br/>5. The scope and future of labor-management relations |
| 650 #0 - SUBJECTS | |
| Topical Term | Industrial relations |
| 650 #0 - SUBJECTS | |
| Topical Term | Collective bargaining |
| 650 #0 - SUBJECTS | |
| Topical Term | Labor unions |
| 942 ## - ADDED ENTRY ELEMENTS (KOHA) | |
| Koha item type | Books |
| Withdrawn status | Lost status | Collection code | Home library | Current library | Shelving location | Date acquired | Full call number | Accession Number | Koha item type |
|---|---|---|---|---|---|---|---|---|---|
| Reference | Methodist University Library Main | Methodist University Library Main | General Stacks | 26/01/2003 | HD8072.5 .B35 1996 | 11560 | Books | ||
| Methodist University Library Tema | Methodist University Library Tema | General Stacks | 13/05/2011 | HD8072.5 .B35 1996 | 33555 | Books |